Public finance in islam / (Record no. 13246)
[ view plain ]
| 000 -LEADER | |
|---|---|
| fixed length control field | 00432nam a2200133 a 4500 |
| 100 1# - MAIN ENTRY--AUTHOR NAME | |
| Personal name | Siddiqi, S. A. |
| 245 10 - TITLE STATEMENT | |
| Title | Public finance in islam / |
| 260 ## - PUBLICATION, DISTRIBUTION, ETC. (IMPRINT) | |
| Place of publication | [S.l.] : |
| Name of publisher | M. Ashraf, |
| Year of publication | 1948. |
| 300 ## - PHYSICAL DESCRIPTION | |
| Number of Pages | 1 v. (unpaged) ; |
| 856 40 - ELECTRONIC LOCATION AND ACCESS | |
| Uniform Resource Identifier | http://www.amazon.com/exec/obidos/ASIN/B007QA9W0Q/chopaconline-20 |
| Withdrawn status | Lost status | Home library | Current library | Date acquired | Cost, normal purchase price | Full call number | Accession Number | Koha item type |
|---|---|---|---|---|---|---|---|---|
| Central Library, QUEST, Nawabshah | Central Library, QUEST, Nawabshah | 22/04/2015 | 27.50 | 297.336SID | 9483 | Books |